[Event "ARG-ch sf 98th"]
[Site "Buenos Aires"]
[Date "2023.05.01"]
[Round "3"]
[White "Slipak, Sergio"]
[Black "Capparelli, Damian"]
[Result "1-0"]
[WhiteElo "2388"]
[BlackElo "2163"]
[PlyCount "105"]
[EventDate "2023.04.29"]
[EventType "swiss"]
[EventRounds "9"]
[EventCountry "ARG"]
[SourceTitle "CBM 214 Extra"]
[Source "ChessBase"]
[SourceDate "2023.07.31"]
[SourceVersion "1"]
[SourceVersionDate "2023.07.31"]
[SourceQuality "1"]

1. d4 d6 2. g3 Nf6 3. Bg2 c6 4. Nf3 Bg4 5. c4 Nbd7 6. Nc3 e5 7. h3 Bh5 8. 0-0 Be7 9. Nh4 0-0 10. Nf5 Re8 11. Nxe7+ Qxe7 12. b3 d5 13. cxd5 cxd5 14. g4 Bg6 15. Bg5 Qb4 16. Rc1 exd4 17. a3 Qb6 18. Na4 Qd6 19. Qxd4 Qxa3 20. Nc3 Qxb3 21. Nxd5 Nxd5 22. Bxd5 Qb5 23. Be3 Nf6 24. Bc4 Qe5 25. Qxe5 Rxe5 26. Bd4 Re7 27. f3 Nd7 28. e4 a6 29. Bd5 Nf8 30. Bc5 Rd7 31. f4 h6 32. f5 Bh7 33. Rfd1 Re8 34. Bb6 Kh8 35. Rc7 Bg8 36. Rdc1 f6 37. Rc8 Rxc8 38. Rxc8 Bxd5 39. exd5 Kg8 40. Bc5 Rf7 41. Kf2 b5 42. Ke3 a5 43. Kd4 b4 44. Kc4 Rb7 45. Rxf8+ Kh7 46. Re8 b3 47. Re1 a4 48. d6 h5 49. Ba3 b2 50. Rb1 hxg4 51. hxg4 Rb3 52. d7 Rb8 53. Rxb2 1-0

[Event "Buenos Aires Najdorf Centenary op"]
[Site "Buenos Aires"]
[Date "2010.04.08"]
[Round "2"]
[White "Capparelli, Damian"]
[Black "De Anna, Marcos"]
[Result "1/2-1/2"]
[WhiteElo "2277"]
[BlackElo "1936"]
[PlyCount "67"]
[EventDate "2010.04.04"]
[EventType "swiss"]
[EventRounds "9"]
[EventCountry "ARG"]
[SourceTitle "CBM 136 Extra"]
[Source "ChessBase"]
[SourceDate "2010.07.02"]
[SourceVersion "2"]
[SourceVersionDate "2010.07.15"]
[SourceQuality "1"]

1. d4 e6 2. e4 d5 3. Nc3 Bb4 4. exd5 exd5 5. Bd3 Ne7 6. Qf3 Nbc6 7. Nge2 Be6 8. 0-0 Qd7 9. a3 Bxc3 10. bxc3 0-0-0 11. Bb5 Nf5 12. Rb1 Nd6 13. c4 Nxb5 14. cxb5 Na5 15. Bf4 Bg4 16. Qd3 Bxe2 17. Qxe2 Nc4 18. Qd3 f6 19. a4 g5 20. Bd2 Rde8 21. Rbe1 Kb8 22. Bb4 b6 23. f4 h6 24. f5 Rxe1 25. Rxe1 Re8 26. Rxe8+ Qxe8 27. Kf2 Kc8 28. g4 h5 29. h3 h4 30. Qf3 Qf7 31. Qe2 Kd7 32. Kg2 Qe8 33. Kf2 Qxe2+ 34. Kxe2 1/2-1/2

[Event "Buenos Aires Benko Memorial op"]
[Site "Buenos Aires"]
[Date "2010.02.24"]
[Round "7"]
[White "Naspleda, Federico"]
[Black "Capparelli, Damian"]
[Result "1/2-1/2"]
[WhiteElo "2070"]
[BlackElo "2277"]
[PlyCount "49"]
[EventDate "2010.02.08"]
[EventType "swiss"]
[EventRounds "9"]
[EventCountry "ARG"]
[SourceTitle "CBM 135 Extra"]
[Source "ChessBase"]
[SourceDate "2010.05.04"]
[SourceVersion "1"]
[SourceVersionDate "2010.05.04"]
[SourceQuality "1"]

1. e4 c5 2. Nf3 a6 3. d3 Nc6 4. g3 g6 5. Bg2 Bg7 6. 0-0 e6 7. c3 Nge7 8. d4 cxd4 9. cxd4 d5 10. e5 Bd7 11. Nc3 b5 12. Bf4 Qb6 13. Qd2 0-0 14. h4 Rac8 15. h5 Nf5 16. Rad1 Na5 17. b3 b4 18. Ne2 gxh5 19. Nh4 Bb5 20. Nxf5 exf5 21. Bxd5 Rfd8 22. Bg2 Nc6 23. Bg5 Rd7 24. Bxc6 Rxc6 25. Bf4 1/2-1/2

[Event "Buenos Aires Benko Memorial op"]
[Site "Buenos Aires"]
[Date "2010.02.15"]
[Round "3"]
[White "Conde, Adrian"]
[Black "Capparelli, Damian"]
[Result "0-1"]
[WhiteElo "2067"]
[BlackElo "2277"]
[PlyCount "32"]
[EventDate "2010.02.08"]
[EventType "swiss"]
[EventRounds "9"]
[EventCountry "ARG"]
[SourceTitle "CBM 135 Extra"]
[Source "ChessBase"]
[SourceDate "2010.05.04"]
[SourceVersion "1"]
[SourceVersionDate "2010.05.04"]
[SourceQuality "1"]

1. e4 c5 2. c3 b6 3. d4 Bb7 4. Bd3 Nf6 5. Nd2 cxd4 6. cxd4 Nc6 7. Ngf3 Nb4 8. Bb1 Ba6 9. Qb3 Rc8 10. Kd1 e6 11. e5 Qc7 12. Qc3 Qb7 13. Qb3 Qc6 14. Bf5 exf5 15. exf6 Nd3 16. Ne5 Qxc1+ 0-1

[Event "Buenos Aires Benko Memorial op"]
[Site "Buenos Aires"]
[Date "2010.02.08"]
[Round "1"]
[White "Maldonado, Oscar"]
[Black "Capparelli, Damian"]
[Result "0-1"]
[WhiteElo "2164"]
[BlackElo "2277"]
[PlyCount "74"]
[EventDate "2010.02.08"]
[EventType "swiss"]
[EventRounds "9"]
[EventCountry "ARG"]
[SourceTitle "CBM 135 Extra"]
[Source "ChessBase"]
[SourceDate "2010.05.04"]
[SourceVersion "1"]
[SourceVersionDate "2010.05.04"]
[SourceQuality "1"]

1. d4 g6 2. c4 Bg7 3. Nf3 d6 4. Bf4 c5 5. e3 Nf6 6. Bd3 Nc6 7. a3 cxd4 8. exd4 d5 9. 0-0 0-0 10. Nc3 Bg4 11. h3 Bxf3 12. Qxf3 Nxd4 13. Qd1 Rc8 14. Rc1 dxc4 15. Bb1 Nb3 16. Rc2 Qxd1 17. Rxd1 Rfd8 18. Re1 Nd5 19. Nxd5 Rxd5 20. Rxe7 Rd1+ 21. Kh2 Rxb1 22. Rxc4 Rf8 23. Rce4 Nc5 24. Re3 Rxb2 25. Re8 Ne6 26. Rxf8+ Bxf8 27. Be5 Rxf2 28. Rc3 Rf5 29. Bg3 Rc5 30. Rd3 h5 31. Rd7 Rb5 32. a4 Rb4 33. a5 h4 34. Bf2 Rb5 35. Bxa7 Rxa5 36. Rxb7 Bd6+ 37. Kg1 Rxa7 0-1

[Event "FASGBA Superior"]
[Site "Argentina"]
[Date "1999.??.??"]
[Round "5"]
[White "Bertaccini, Daniel"]
[Black "Capparelli, Damian"]
[Result "0-1"]
[WhiteElo "2230"]
[BlackElo "2270"]
[PlyCount "54"]
[EventDate "1999.??.??"]
[EventType "tourn"]
[EventRounds "9"]
[EventCountry "ARG"]
[EventCategory "1"]
[SourceTitle "EXT 2000"]
[Source "ChessBase"]
[SourceDate "1999.11.16"]
[SourceVersion "1"]
[SourceVersionDate "1999.11.16"]
[SourceQuality "1"]

1. e4 e6 2. d4 d5 3. e5 c5 4. c3 Nc6 5. a3 Qb6 6. Nf3 Nge7 7. dxc5 Qxc5 8. Be3 Qa5 9. Bd3 Ng6 10. Bd4 Nxd4 11. Nxd4 Nxe5 12. Bb5+ Bd7 13. b4 Qc7 14. f4 Nc4 15. 0-0 Ne3 16. Qe2 Nxf1 17. f5 Qxh2+ 18. Kxf1 0-0-0 19. fxe6 fxe6 20. Nf3 Qh1+ 21. Kf2 Be7 22. a4 Rhf8 23. Qc2 e5 24. Ke3 e4 25. Ne1 Bg5+ 26. Kd4 Qg1+ 27. Ke5 Bf4+ 0-1

[Event "FASGBA Superior"]
[Site "Argentina"]
[Date "1999.??.??"]
[Round "4"]
[White "Capparelli, Damian"]
[Black "Airando, Martin"]
[Result "1-0"]
[WhiteElo "2270"]
[BlackElo "2260"]
[PlyCount "49"]
[EventDate "1999.??.??"]
[EventType "tourn"]
[EventRounds "9"]
[EventCountry "ARG"]
[EventCategory "1"]
[SourceTitle "EXT 2000"]
[Source "ChessBase"]
[SourceDate "1999.11.16"]
[SourceVersion "1"]
[SourceVersionDate "1999.11.16"]
[SourceQuality "1"]

1. d4 d5 2. c4 e6 3. Nf3 dxc4 4. e3 a6 5. a4 c5 6. Bxc4 Nf6 7. 0-0 Nc6 8. Qe2 cxd4 9. Rd1 Be7 10. Nxd4 Nxd4 11. exd4 0-0 12. Nc3 Nd5 13. Qf3 Nxc3 14. bxc3 Bf6 15. Bd3 Re8 16. a5 Qc7 17. Bf4 e5 18. Re1 g6 19. dxe5 Bxe5 20. Qd5 Bxf4 21. Rxe8+ Kg7 22. Qd4+ f6 23. Bc4 Bxh2+ 24. Kh1 Be6 25. Bxe6 1-0

[Event "ARG-chT"]
[Site "Buenos Aires"]
[Date "1997.??.??"]
[Round "2"]
[White "Rodriguez, Alberto2"]
[Black "Capparelli, Damian"]
[Result "0-1"]
[WhiteElo "2350"]
[BlackElo "2300"]
[PlyCount "72"]
[EventDate "1997.??.??"]
[EventType "team-tourn"]
[EventRounds "7"]
[EventCountry "ARG"]
[SourceTitle "EXT 2001"]
[Source "ChessBase"]
[SourceDate "2000.11.22"]
[SourceVersion "1"]
[SourceVersionDate "2000.11.22"]
[SourceQuality "1"]

1. d4 Nf6 2. c4 g6 3. Nc3 Bg7 4. e4 d6 5. Bd3 0-0 6. Nge2 e5 7. d5 c5 8. h3 Nbd7 9. Bg5 h6 10. Be3 a6 11. Qd2 Kh7 12. g4 Rb8 13. a4 Ng8 14. h4 Ne7 15. Ng3 Rh8 16. 0-0-0 Kg8 17. f3 Kf8 18. Rdg1 Qa5 19. Kc2 Ke8 20. b3 Kd8 21. h5 g5 22. Ra1 Bf6 23. Rhb1 Nb6 24. Nf5 Bxf5 25. exf5 Nd7 26. Ne4 Qxd2+ 27. Bxd2 Nc8 28. b4 cxb4 29. Bxb4 Be7 30. a5 Nf6 31. Bd2 Nxe4 32. Bxe4 Kc7 33. Ra2 Rd8 34. Kc3 Rd7 35. Bc2 Kd8 36. Rab2 e4 0-1